|
|
|
|
| LEADER |
00000nam0a2200000 4500 |
| 001 |
99751 |
| 005 |
20231031111857.0 |
| 010 |
|
|
|a 5060053288
|
| 035 |
|
|
|a (RuTPU)RU\TPU\book\107110
|
| 090 |
|
|
|a 99751
|
| 100 |
|
|
|a 20060712d2006 m y0rusy50 ca
|
| 101 |
0 |
|
|a rus
|
| 102 |
|
|
|a RU
|
| 105 |
|
|
|a a j 001zy
|
| 200 |
1 |
|
|a Основы прикладной теории вероятностей и статистики
|e учебник
|f М. А. Федоткин
|
| 210 |
|
|
|a Москва
|c Высшая школа
|d 2006
|
| 215 |
|
|
|a 368 с.
|c ил.
|
| 320 |
|
|
|a Библиогр.: с. 360.
|
| 320 |
|
|
|a Предметный указатель: с. 361-363.
|
| 330 |
|
|
|a В учебнике изложены фундаментальные и прикладные основы современной теории вероятностей и математической статистики. Основное внимание уделено: проблеме классификации реальных экспериментов, интуитивным понятиям допустимых, элементарных и наблюдаемых исходов, качественным и количественным признакам статистически устойчивых экспериментов. Учебник значительно отличается от традиционных, так как содержит большое число конкретных задач с подробными решениями и замечаниями. Для широкого круга преподавателей, научных работников, инженеров, аспирантов, магистров и студентов, использующих вероятностно-статистические методы в прикладных и теоретических исследованиях реальных случайных экспериментов с применением компьютерной технологии.
|
| 610 |
1 |
|
|a теория вероятностей
|
| 610 |
1 |
|
|a математическая статистика
|
| 610 |
1 |
|
|a случайные эксперименты
|
| 610 |
1 |
|
|a теоретико-множественная модель
|
| 610 |
1 |
|
|a априорные эксперименты
|
| 610 |
1 |
|
|a условные эксперименты
|
| 610 |
1 |
|
|a вероятностные модели
|
| 610 |
1 |
|
|a статистически устойчивые эксперименты
|
| 610 |
1 |
|
|a случайные величины
|
| 610 |
1 |
|
|a законы распределения
|
| 610 |
1 |
|
|a предельные теоремы
|
| 610 |
1 |
|
|a статистические гипотезы
|
| 610 |
1 |
|
|a оценка
|
| 610 |
1 |
|
|a статистические зависимости
|
| 610 |
1 |
|
|a учебники
|
| 675 |
|
|
|a 519.2(075.8)
|v 3
|
| 700 |
|
1 |
|a Федоткин
|b М. А.
|g Михаил Андреевич
|
| 801 |
|
1 |
|a RU
|b 63413507
|c 20060712
|g PSBO
|
| 801 |
|
2 |
|a RU
|b 63413507
|c 20120523
|g PSBO
|
| 900 |
|
|
|a Теория вероятности и математическая статистика
|
| 942 |
|
|
|c BK
|
| 951 |
|
|
|b 010500
|b 010501
|
| 959 |
|
|
|a 68/20060712
|d 1
|e 0
|f ЧЗТЛ:1
|